Southville International School and Colleges
Your cart is empty.
  • Cart
  • Lists
    Public lists Eva Luna New books Lux_list list_1
    Your lists Log in to create your own lists
  • Log in to your account
  • Your cookies
  • Search history
Southville International School and Colleges
  • Advanced search
  • Recent comments
  • Most popular
  • Libraries

Log in to your account

Log in with GOOGLE


If you do not have an external account, but do have a local account, you can still log in:

  1. Home
  2. MARC view: The house on mango street /
Normal view MARC view ISBD view

The house on mango street / (Record no. 2266)

[ view plain ]
MARC details
000 -LEADER
fixed length control field 01143cam a2200361 a 4500
001 - CONTROL NUMBER
control field 15880992
003 - CONTROL NUMBER IDENTIFIER
control field OSt
005 - DATE AND TIME OF LATEST TRANSACTION
control field 20151104114159.0
008 - FIXED-LENGTH DATA ELEMENTS--GENERAL INFORMATION
fixed length control field 090825s2009 nyua 000 1 eng
010 ## - LIBRARY OF CONGRESS CONTROL NUMBER
LC control number 2009464700
020 ## - INTERNATIONAL STANDARD BOOK NUMBER
International Standard Book Number 9780679734772 (pbk.)
040 ## - CATALOGING SOURCE
Original cataloging agency DLC
Transcribing agency DLC
043 ## - GEOGRAPHIC AREA CODE
Geographic area code n-us-il
050 00 - LIBRARY OF CONGRESS CALL NUMBER
Classification number PS 3553
Item number .C579 2009
082 00 - DEWEY DECIMAL CLASSIFICATION NUMBER
Classification number IB 813.54
Item number C579 2009
100 1# - MAIN ENTRY--PERSONAL NAME
Personal name Cisneros, Sandra.
245 14 - TITLE STATEMENT
Title The house on mango street /
Statement of responsibility, etc Sandra Cisneros.
250 ## - EDITION STATEMENT
Edition statement 2nd Vintage Comtemporaries ed., 25th anniversary ed.
260 ## - PUBLICATION, DISTRIBUTION, ETC. (IMPRINT)
Place of publication, distribution, etc New York :
Name of publisher, distributor, etc Vintage Contemporaries,
Date of publication, distribution, etc 2009.
300 ## - PHYSICAL DESCRIPTION
Extent xxvii, 110 p. :
Other physical details ill. ;
Dimensions 21 cm.
521 ## - TARGET AUDIENCE NOTE
Source lexile
562 ## - COPY AND VERSION IDENTIFICATION NOTE
Number of copies for circulation. 3 copies available in the collection
650 #0 - SUBJECT ADDED ENTRY--TOPICAL TERM
Topical term or geographic name as entry element Mexican Americans
Form subdivision Fiction.
650 #0 - SUBJECT ADDED ENTRY--TOPICAL TERM
Topical term or geographic name as entry element Girls
Form subdivision Fiction.
651 #0 - SUBJECT ADDED ENTRY--GEOGRAPHIC NAME
Geographic name Chicago (Ill.)
Form subdivision Fiction.
655 #7 - INDEX TERM--GENRE/FORM
Genre/form data or focus term Bildungsromane.
Source of term gsafd
906 ## - LOCAL DATA ELEMENT F, LDF (RLIN)
a 7
b cbc
c orignew
d 2
e ncip
f 20
g y-gencatlg
942 ## - ADDED ENTRY ELEMENTS (KOHA)
Source of classification or shelving scheme Library of Congress Classification
Koha item type Books
Holdings
Withdrawn status Lost status Source of classification or shelving scheme Damaged status Home library Current library Shelving location Date acquired Total Checkouts Full call number Barcode Date last seen Copy number Price effective from Koha item type Source of acquisition Public note
    Library of Congress Classification   Luxembourg Library Luxembourg Library International Baccalaureate Section 03/08/2013   PS 3553 .C579 2009 IB0087 08/13/2013 2 10/03/2013 Books    
Withdrawn   Library of Congress Classification   Luxembourg Library Luxembourg Library International Baccalaureate Section 03/08/2013   PS 3553 .C579 2009 IB0088 04/14/2016 3 10/03/2013 Books Donation For inventory: Not found in inventory AY 14-15
    Library of Congress Classification   Luxembourg Library Luxembourg Library International Baccalaureate Section 03/08/2013   PS 3553 .C579 2009 IB0086 06/03/2015 1 10/03/2013 Books    

The house on mango street /

APA

Cisneros S., . (2009). The house on mango street. New York: Vintage Contemporaries.

Chicago

Cisneros Sandra, . 2009. The house on mango street. New York: Vintage Contemporaries.

Harvard

Cisneros S., . (2009). The house on mango street. New York: Vintage Contemporaries.

MLA

Cisneros Sandra, . The house on mango street. New York: Vintage Contemporaries. 2009.

  • Place hold
  • Print
  • Cite
  • Add to your cart (remove)
  • Save record
    BIBTEX Dublin Core MARCXML MARC (non-Unicode/MARC-8) MARC (Unicode/UTF-8) MARC (Unicode/UTF-8, Standard) MODS (XML) RIS
  • More searches
    Search for this title in:
    Other Libraries (WorldCat) Other Databases (Google Scholar) Online Stores (Bookfinder.com) Open Library (openlibrary.org)

Exporting to Dublin Core...

SOUTHVILLE LIBRARY

Southville International School and Colleges Library

1281 Tropical Ave. Cor. Luxembourg St., BF Homes International, Las Pinas City

Tel. No. 8256374 / 252358 Loc. 117/146

Powered by Koha